Normal view MARC view

Entry Personal Name

Number of records used in: 1

001 - CONTROL NUMBER

  • control field: 9119

003 - CONTROL NUMBER IDENTIFIER

  • control field: DLC

005 - DATE AND TIME OF LATEST TRANSACTION

  • control field: 20220922110325.0

008 - FIXED-LENGTH DATA ELEMENTS

  • fixed length control field: 890621n| acannaabn |n aaa

010 ## - LIBRARY OF CONGRESS CONTROL NUMBER

  • LC control number: n 89635676

035 ## - SYSTEM CONTROL NUMBER

  • System control number: (OCoLC)oca02548129

040 ## - CATALOGING SOURCE

  • Original cataloging agency: DLC
  • Language of cataloging: eng
  • Transcribing agency: DLC
  • Modifying agency: NmU

100 1# - HEADING--PERSONAL NAME

  • Personal name: Han, Jiawei

670 ## - SOURCE DATA FOUND

  • Source citation: nuc89-62113: Author's Pattern-based and knowledge-directed query compilation ... 1985
  • Information found: (hdg. on WU rept.: Han, Jiawei; usage: Jiawei Han)

670 ## - SOURCE DATA FOUND

  • Source citation: Data mining, c2006:
  • Information found: t.p. (Jiawei Han; Univ. of Ill. at Urbana-Champaign) back cover (prof., Dept. of Computer Sci.)

Powered by Koha